Fables choisies mises en vers / (Record no. 88047)

MARC details
000 -LEADER
campo de control de longitud fija 00728nam a2200205 i 4500
001 - NÚMERO DE CONTROL
campo de control 88047
003 - IDENTIFICADOR DE NÚMERO DE CONTROL
campo de control ES-MaACL
005 - FECHA Y HORA DE LA ÚLTIMA TRANSACCIÓN
campo de control 20251015063109.0
007 - CAMPO FIJO DE DESCRIPCIÓN FÍSICA--INFORMACIÓN GENERAL
campo de control de longitud fija t|
008 - DATOS DE LONGITUD FIJA--INFORMACIÓN GENERAL
campo de control de longitud fija 050103s1946 fr ||||1| fre d
100 1# - ENTRADA PRINCIPAL--NOMBRE DE PERSONA
Nombre de persona La Fontaine, Jean de,
Fechas asociadas al nombre 1621-1695
9 (RLIN) 69147
245 10 - MENCIÓN DEL TÍTULO
Título Fables choisies mises en vers /
Mención de responsabilidad, etc. par M. de La Fontaine ; introduction, index, glossaire par Pierre Clarac.
260 ## - PUBLICACIÓN, DISTRIBUCIÓN, ETC.
Lugar de publicación, distribución, etc. París :
Nombre del editor, distribuidor, etc. Association pour le Diffusion de la Pensée Française,
Fecha de publicación, distribución, etc. [1946] (
Lugar de fabricación/manufactura Corbeil :
Fabricante Crété)
300 ## - DESCRIPCIÓN FÍSICA
Extensión 463 p. ;
Dimensiones 16 cm.
490 1# - MENCIÓN DE SERIE
Mención de serie Collection Française
700 1# - ENTRADA AGREGADA--NOMBRE PERSONAL
Nombre de persona Clarac, Pierre.
9 (RLIN) 38995
830 0# - PUNTO DE ACCESO ADICIONAL DE SERIE-TÍTULO UNIFORME
Título uniforme Collection Française
9 (RLIN) 184643
852 ## - LOCALIZACIÓN
Ubicación ES-MaACL
Número de control de estantería E-928
Sublocalización o colección R.26190
Holdings
Estatus retirado Estado de pérdida Estado de daño No para préstamo Biblioteca de origen Biblioteca actual Ubicación en estantería Fecha de adquisición Fuente de adquisición Total de préstamos Signatura topográfica completa Código de barras Visto por última vez Precio de reemplazo Tipo de ítem Koha
        Biblioteca del Ateneo de Madrid Biblioteca del Ateneo de Madrid Depósito 2 17/01/2008     E-928 1091975 23/02/2023 23/02/2023 Libro impreso